Young Thug Songs A-Z - Statistics

General Stats
  • This quiz has been taken 35 times
    20 since last reset
  • The average score is 11 of 25
Answer Stats
Hint Answer % Correct
H Havana/Hot/Homie/High end/halftime/Harambe/hellcat kenny/hoodie/hop off a jet/hate the game/hey i/help me breathe/high
82%
W We need all da vibes/what's the move/Way 2 sexy/With that/with them/worth it/Wyclef jean/webbie/whoopty doo/whaddup jesus /walk down/wit da racks/wood would/wanna be me/walked in
82%
L Light it up/Lil baby/Liger/Lil one/Lightyears/Lifestyle/low/livin it up/loveyou more/love me forever/litty/the london
71%
S Skitzo/Skyfall/Sup mate/surf/stoner/Stay down/slime shit/Swizzbeatz/sad spider/spider or jeffery/safe/spit in my mouth/sake of my kids /stressed/stupid/scoliosis/stunna/she notice/say you love me/she bumped her head/stolen/sin
71%
B Bad bad bad/Big Tipper/Boy back/best friend/Bad boy/Better believe/Bubbly/Blind/bless/blaming jesus/by the police/birthday boy/best friend /be me see me/big racks/bout damn time/beast/big slimes
59%
R Rihanna/Run/RiRi/RIP big and mack/revenge/Rosetta stone/recognizereal/rich nigga shit/road rage/rarri/raw/real love/real in my veins
59%
D Dum dumb and dumber/Dont stop/Dream/dome/drippin/digits/dreamsrarely do come true/diamonds/die today/die slow/droppin jewels/day before/draw down/don't know/drip on me
53%
F Franchise/fuck cancer/from a man/fly talk/Floyd mayweather/futureswag/fucking told u/fighting depression/faces/fifth day dead/freaky/flaws /feed me dope
53%
M Maria I'm drunk/Mamacita/Mannequin challenge/My wrist/memo/mami/money on money/miss my dogs/mad dog/millions/mine/mind right/my baby/mink flow/my city/mil in vegas/mob ties
53%
P Pick up the phone/Party favors/Pussy/Patek water/problem/pardonmy back/pipe down/pussy smell like this/parade on cleveland/peepin out the window/power/phoenix/pull up on a kid
53%
A Anybody/About the money/amazing/all your time/abracadabra/asking/again/all over/animal/all da smoke/audemar
47%
C Cartier Gucci scarf/Circle of bosses/check/constantly hating/cant tell/catch me I'm falling/cars bring me out/contagious/calling your name/ city girls/cruise ship/climax
47%
G Gangster shit/Gang up/Goodbyes/Give no fxk/Guwop/global access/gocrazy/go crazy/group home/GFU/gain clout
47%
N No limit/Never had it/numbers/ninja/no way/never made love/no no no/no such thing/no cap/no surprise
47%
T Tick Tock/Throw sum mo/tattoos/take kare/that's all/thief in the night/twerk it/trap back/three/trance/take it to trial/that go/tsunami
47%
K Knocked off/Kanye west/killed before/king troup
41%
O Out West/Oh okay/old english/oh u went/Okay Okay/Old town road/OD/on the news/overdosin/oh lord/on the run
41%
Y Yuck/Yes you can/Yell oh/yea yea yea/yessirskii
35%
I I bought her/I'm scared/I swear/IDKW/invest into you/I'm so dope/I puta/its ok to cry/insure my wrist/icy hot/ill tell you what/I got time/I aint tryin /icey
29%
# 200/2 bitches/100s & 50s/3 headed snake/100
24%
J Just how it is/Jumped out the window/just might be/jonesboro/January1st
24%
Q Quarantine clean/quarterback
24%
U Uncle M/Udiggwhatimsayin/up/undrunk/u aint slime enough
18%
E Ecstasy/explosion/expensive
12%
V Verify
0%
No matching quizzes found
Score Distribution
Percent of People with Each Score
Percentile by Number Answered
Your Score History
You have not taken this quiz since the last reset